[Event "Club Championships F Grade"]
[Site "Wellington Chess Club"]
[Date "2021.11.11"]
[Round "1.3"]
[White "Lynch, Oscar"]
[Black "Cooke, Xandi"]
[Result "0-1"]
[WhiteElo "1559"]
[BlackElo "1528"]

1. d4 d5 2. c4 e6 3. Nf3 Nf6 4. Bg5 Be7 5. e3 h6 6. Bf4 c5 7. Nc3 Bd6 8. Ne5
O-O 9. Bd3 Qb6 10. Nb5 Bc7 11. Nd7 { Here I was calculating a line that went }
11... Bxd7 (11... Qa5+ 12. Qd2 Qxd2+ 13. Kxd2 Bxf4 14. Nxf8 a6 15. exf4 axb5 {
But, I thought it was no good. } ) 12. Nxc7 Nc6 13. Nxa8 Rxa8 { Instead I play
this losing line } 14. Qd2 dxc4 15. Bc2 Nd5 16. dxc5 Qxc5 17. g3 $4 e5 18. e4
Nd4 19. O-O-O Bg4 $4 { This is a massive blunder, instead I should have played
another moveI was considering, c3. } 20. Bxe5 Nxc2 21. Qxd5 Qxf2 $4 { I
realised some point after this move that this could easily go bad quickly with
some Rc1, so I was tendering my resignation. } 22. Rd2 $4 Qf3 23. Rdd1 $4 {
Saved by a couple blunders which put me right ahead where I want to be. } 23...
Ne3 24. Qd4 Nxd1 25. Rxd1 Qxd1+ 26. Qxd1 Bxd1 27. Kxd1 Rd8+ 28. Kc2 f6 29. Bf4
Re8 30. Be3 Rxe4 31. Bxa7 Re2+ 32. Kc3 Rxh2 33. Bb8 b5 34. a3 Kf7 35. b4 cxb3
36. Kxb3 Ke6 37. Kb4 Rb2+ 38. Ka5 g5 39. Ba7 Rb3 40. Bc5 h5 41. Bb4 h4 42. Kxb5
h3 43. a4 h2 44. a5 h1=Q 45. a6 Qf1+ 46. Ka5 Rxb4 47. a7 Qf3 48. Ka6 Qb7+ 49.
Ka5 Qb5# 0-1

[Event "Club Championships F Grade"]
[Site "Wellington Chess Club"]
[Date "2021.11.18"]
[Round "2.1"]
[White "Carlyle, Mathieson"]
[Black "Cooke, Xandi"]
[Result "1-0"]
[WhiteElo "1633"]
[BlackElo "1528"]

1. e4 c5 2. Nc3 Nc6 3. Bb5 Nd4 4. d3 Nxb5 5. Nxb5 a6 6. Nc3 e6 7. Nge2 d5 8. e5
d4 9. Ne4 f6 10. f4 fxe5 11. fxe5 Ne7 12. Nd6+ Kd7 13. Nf7 Qc7 14. Nxh8 Qxe5
15. O-O Ke8 16. Nf7 Qd5 17. Ng3 b5 18. Qh5 Qxh5 19. Nxh5 Bb7 20. Nd6+ Kd7 21.
Nxb7 Kc6 22. Na5+ Kb6 23. Nb3 Nd5 24. Rf7 g6 25. Nf4 Nxf4 26. Rxf4 Bd6 27. Rf7
c4 28. dxc4 bxc4 29. Nxd4 Bc5 30. c3 e5 31. Rf6+ Kc7 32. Rc6+ Kd7 33. Rxc5 exd4
34. cxd4 Re8 35. Bf4 Re4 36. Be5 Ke6 37. Rf1 g5 38. Rf6+ Ke7 39. Rc7+ Ke8 40.
Rxa6 Rxd4 41. Bxd4 Kd8 42. Bb6 c3 43. Ra8# 1-0

[Event "Club Championships F Grade"]
[Site "Wellington Chess Club"]
[Date "2021.11.18"]
[Round "2.2"]
[White "Osborne, Geoff"]
[Black "Lynch, Oscar"]
[Result "1-0"]
[WhiteElo "1477"]
[BlackElo "1559"]

1. c4 d5 2. cxd5 Nf6 3. Nc3 Nxd5 4. g3 Nxc3 5. bxc3 e5 6. Bg2 Nc6 7. d3 Bc5 8.
Nf3 e4 9. Ng5 e3 10. Ne4 exf2+ 11. Nxf2 Bxf2+ 12. Kxf2 Qf6+ 13. Bf3 Qxc3 14.
Bf4 Qc5+ 15. Kg2 Nd4 16. Rc1 Qf5 17. Qa4+ Nb5 18. g4 Qxf4 19. Qxf4 O-O 20. a4
Nd6 21. Rxc7 Ne8 22. Rc5 b6 23. Rc3 Bd7 24. Bxa8 Bxa4 25. Qxa4 Nd6 26. Bd5 Rc8
27. Rxc8+ Nxc8 28. Qe8# 1-0

[Event "Club Championships F Grade"]
[Site "Wellington Chess Club"]
[Date "2021.11.18"]
[Round "2.3"]
[White "Farrington, Lawrence"]
[Black "Kibblewhite, Daniel"]
[Result "1/2-1/2"]
[WhiteElo "1668"]
[BlackElo "1580"]

1. e4 e6 2. d4 d5 3. Nc3 Bb4 4. e5 c5 5. a3 Bxc3+ 6. bxc3 Nd7 7. a4 b6 8. Nf3
Ne7 9. Bd3 c4 10. Be2 f6 11. O-O fxe5 12. Nxe5 Nxe5 13. dxe5 O-O 14. f4 Ng6 15.
Bg4 Bd7 16. Be3 Rf7 17. Qe1 Qf8 18. Qg3 Re8 19. Bh5 Rf5 20. Bxg6 hxg6 21. Qxg6
Re7 22. Qg4 Be8 23. Qe2 Bg6 24. Rf2 Rff7 25. a5 Rb7 26. a6 Rbc7 27. Rb1 Bf5 28.
Rbf1 Qa3 29. Qd2 Qxa6 30. h3 Be4 31. g4 g6 32. Rc1 Rh7 33. Rh2 Rcf7 34. Rf1 Qb7
35. Qe1 Qe7 36. g5 Bf5 37. h4 Rh5 38. Qf2 {Draw agreed} 1/2-1/2

[Event "Club Championships F Grade"]
[Site "Wellington Chess Club"]
[Date "2021.11.25"]
[Round "3.1"]
[White "Kibblewhite, Daniel"]
[Black "Carlyle, Mathieson"]
[Result "1-0"]
[WhiteElo "1580"]
[BlackElo "1633"]

1. d4 d5 2. c4 e6 3. Nc3 Nf6 4. Nf3 c6 5. e3 dxc4 6. Bxc4 Bd6 7. O-O Nbd7 8. e4
Be7 9. e5 Nd5 10. Re1 N7b6 11. Bb3 Bd7 12. Ne4 h6 13. Bd2 a5 14. Nc5 Qc7 15.
Rc1 Bc8 16. Bc3 O-O 17. Nd2 Bxc5 18. dxc5 Nd7 19. Ne4 Nxc3 20. Rxc3 Rd8 21. Qg4
Qxe5 22. Rg3 Nxc5 23. Kf1 f5 24. Nxc5 Qxb2 25. Qxf5 Rf8 26. Bxe6+ Bxe6 27.
Qxe6+ Kh8 28. Qe2 Qb4 29. Nd3 Qd6 30. Qe5 Qd7 31. Qe7 Qd4 32. Qe5 Qd7 33. Nc5
Qf7 34. Qb2 Qc4+ 35. Kg1 Rf7 36. Nxb7 Rf6 37. Nd6 Qd5 38. Ne8 Rxe8 39. Rxe8+
Kh7 40. Qb1+ g6 41. Re7+ Kh8 42. h3 Qd6 43. Rge3 h5 44. Re8+ Kg7 45. R3e7+ Kh6
46. Qc1+ g5 47. Rh8+ Kg6 48. Rg8+ 1-0

[Event "Club Championships F Grade"]
[Site "Wellington Chess Club"]
[Date "2021.11.25"]
[Round "3.2"]
[White "Lynch, Oscar"]
[Black "Farrington, Lawrence"]
[Result "0-1"]
[WhiteElo "1559"]
[BlackElo "1668"]

1. d4 d6 2. c4 g6 3. Bg5 Bg7 4. Qd2 Nf6 5. Nc3 O-O 6. Bh6 e5 7. Bxg7 Kxg7 8.
dxe5 dxe5 9. O-O-O Qxd2+ 10. Rxd2 a6 11. Nd5 Nxd5 12. cxd5 Bf5 13. Nf3 Nd7 14.
e3 Rac8 15. Ng5 Nf6 16. f3 h6 17. e4 hxg5 18. exf5 gxf5 19. g3 e4 20. f4 g4 21.
h4 Nh5 22. Rg1 Rfd8 23. Bc4 Rd6 24. Kd1 b5 25. Bb3 c5 26. dxc6 Rxd2+ 27. Kxd2
Rxc6 28. Ke2 Rd6 29. a4 Rd3 30. Bc2 Rxg3 31. Rxg3 Nxg3+ 32. Ke3 Kf6 33. axb5
axb5 34. Kd4 Nh5 35. Ke3 b4 36. b3 Kg6 37. Bd1 Nf6 38. Be2 Nd5+ 39. Kd4 Nxf4
40. Bf1 g3 41. Ke3 g2 42. Kxf4 gxf1=Q+ 43. Kg3 Qd3+ 44. Kf4 Qf3+ 45. Ke5 f6+
46. Ke6 e3 47. h5+ Kxh5 48. Kxf6 e2 49. Kf7 e1=R 50. Kf8 Qa8+ 51. Kf7 f4 52.
Kg7 Rg1+ 53. Kf7 Qg8+ 54. Ke7 Re1+ 55. Kd7 Qe6+ 56. Kc7 Rc1+ 57. Kb7 Qc6+ 58.
Ka7 Ra1+ 59. Kb8 Ra8# 0-1

[Event "Club Championships F Grade"]
[Site "Wellington Chess Club"]
[Date "2021.11.25"]
[Round "3.3"]
[White "Cooke, Xandi"]
[Black "Osborne, Geoff"]
[Result "0-1"]
[WhiteElo "1528"]
[BlackElo "1477"]

1. d4 Nf6 2. c4 g6 3. Nc3 Bg7 4. Nf3 O-O 5. Bg5 c5 6. dxc5 h6 7. Bf4 Na6 8. e3
Nxc5 9. Qc2 d6 10. Rc1 Bf5 11. Qd2 Nfe4 12. Nxe4 Bxe4 13. Be2 e5 14. Bg3 Bf5
15. Nh4 Ne4 16. Qd5 Nxg3 17. fxg3 Be6 18. Qxb7 g5 19. Nf3 Qa5+ 20. Nd2 Rab8 21.
Qe7 Rxb2 22. Rd1 e4 23. O-O Rxd2 24. Rxd2 Qxd2 25. Bh5 Bxc4 26. Rd1 Qxe3+ 27.
Kh1 Be2 28. Re1 Bc3 29. Bxf7+ Rxf7 30. Qe8+ Kg7 31. Rb1 Bd4 32. h3 Rf1+ 33.
Rxf1 Bxf1 34. Qe7+ Kg6 35. Qe6+ Bf6 36. g4 Bxg2+ 37. Kxg2 Qf3+ 38. Kh2 Qf4+ 39.
Kg2 Qe5 40. Qxe5 Bxe5 41. Kf2 Bd4+ 42. Ke2 d5 43. a4 Kf6 44. Kd2 e3+ 45. Kd3
Ke5 46. a5 Bc5 47. a6 d4 48. Ke2 Ke4 49. Ke1 Kf3 50. h4 Bb4+ 51. Kd1 Kf2 52.
hxg5 hxg5 53. Kc2 e2 54. Kb1 e1=Q+ 55. Ka2 Qc3 0-1

[Event "Club Championships F Grade"]
[Site "Wellington Chess Club"]
[Date "2021.12.02"]
[Round "4.1"]
[White "Carlyle, Mathieson"]
[Black "Osborne, Geoff"]
[Result "1-0"]
[WhiteElo "1633"]
[BlackElo "1477"]

1. e4 d6 2. d4 Nf6 3. Nc3 g6 4. f4 Bg7 5. Nf3 O-O 6. Bd3 c5 7. dxc5 dxc5 8. O-O
Nc6 9. e5 Nd5 10. Nxd5 Qxd5 11. c4 Qd8 12. b3 b6 13. Ba3 e6 14. Qe2 Nd4 15.
Nxd4 Qxd4+ 16. Kh1 Qd8 17. Rad1 Rb8 18. Bxg6 Qh4 19. Bh5 f5 20. Rd3 h6 21. Rh3
Qe7 22. Rd1 Bd7 23. Rhd3 Be8 24. Bf3 Kh7 25. Qd2 Qh4 26. b4 Rf7 27. bxc5 Ba4
28. Rb1 Rc8 29. Rb4 Bc6 30. Bxc6 Rxc6 31. cxb6 axb6 32. g3 Qe7 33. Ra4 Qc7 34.
Qc2 Rd7 35. Rxd7 Qxd7 36. Bd6 Qb7 37. Qg2 b5 38. Rb4 Qc8 39. c5 Bf8 40. Bxf8
1-0

[Event "Club Championships F Grade"]
[Site "Wellington Chess Club"]
[Date "2021.12.02"]
[Round "4.2"]
[White "Farrington, Lawrence"]
[Black "Cooke, Xandi"]
[Result "1/2-1/2"]
[WhiteElo "1668"]
[BlackElo "1528"]

1. e4 c5 2. Nf3 e6 3. c3 Nc6 4. d4 cxd4 5. cxd4 Bb4+ 6. Bd2 Qb6 7. Bxb4 Qxb4+
8. Qd2 Qxd2+ 9. Nbxd2 Nf6 10. Be2 O-O 11. O-O a6 12. Rac1 b5 13. a3 Bb7 14. Bd3
Rac8 15. Rfe1 d6 16. h3 Rfd8 17. Rc3 Ne7 18. Rec1 Rc6 19. Rxc6 Bxc6 20. Bb1 Rc8
21. Ne1 d5 22. f3 dxe4 23. Nxe4 Rd8 24. Rd1 Nxe4 25. Bxe4 e5 26. Nc2 exd4 27.
Rxd4 Rxd4 28. Nxd4 Bxe4 {Draw agreed} 1/2-1/2

[Event "Club Championships F Grade"]
[Site "Wellington Chess Club"]
[Date "2021.12.02"]
[Round "4.3"]
[White "Kibblewhite, Daniel"]
[Black "Lynch, Oscar"]
[Result "*"]
[WhiteElo "1580"]
[BlackElo "1559"]

1. d4 d5 2. c4 Nf6 3. cxd5 Nxd5 4. e4 Nf6 5. Nc3 e5 6. dxe5 Qxd1+ 7. Kxd1 Ng4
8. Nh3 Bc5 9. f4 Ne3+ 10. Bxe3 Bxe3 11. Nd5 Bb6 12. Nxb6 axb6 13. Bc4 Bxh3 14.
gxh3 Nd7 15. e6 fxe6 16. Bxe6 Nc5 17. Bg4 Nb3 18. Rb1 Rxa2 19. Kc2 Nd4+ 20. Kc3
Nb5+ 21. Kb3 Ra8 22. Ra1 Ke7 23. Rhd1 Rxa1 24. Rxa1 Rd8 25. Rd1 Rxd1 26. Bxd1
Nd4+ 27. Kc4 Ne6 28. f5 Ng5 29. Kd5 Nxh3 30. Ke5 Nf2 31. Bc2 Ng4+ 32. Kf4 Nxh2
33. Bd3 h5 34. Kg5 Nf3+ 35. Kxh5 Ne5 36. Bc2 Kf6 37. Bb3 g6+ 38. fxg6 Nxg6 39.
Bd1 Nf4+ 40. Kg4 Nd3 41. b3 Nf2+ *

[Event "Club Championships F Grade"]
[Site "Wellington Chess Club"]
[Date "2021.12.09"]
[Round "5.1"]
[White "Lynch, Oscar"]
[Black "Carlyle, Mathieson"]
[Result "0-1"]
[WhiteElo "1559"]
[BlackElo "1633"]

1. d4 d5 2. c4 e6 3. Nf3 Nf6 4. Bg5 Nbd7 5. e3 dxc4 6. Bxc4 c6 7. Nc3 Qa5 8. a3
Ne4 9. O-O Nxg5 10. Nxg5 Qxg5 11. b4 Nf6 12. Bd3 b5 13. Ne4 Qd5 14. Nc5 Bxc5
15. dxc5 Qg5 16. Bc2 e5 17. Qd6 Bd7 18. Rfd1 Rd8 19. Qc7 O-O 20. a4 Bh3 21. g3
Rxd1+ 22. Bxd1 Nd5 23. Qxc6 Nxe3 24. Qe4 Nxd1 25. Rxd1 Rd8 26. Rxd8+ Qxd8 27.
Qe2 bxa4 28. f3 Qd4+ 29. Kh1 Qa1+ 30. Qe1 Qxe1# 0-1

[Event "Club Championships F Grade"]
[Site "Wellington Chess Club"]
[Date "2021.12.09"]
[Round "5.2"]
[White "Cooke, Xandi"]
[Black "Kibblewhite, Daniel"]
[Result "0-1"]
[WhiteElo "1528"]
[BlackElo "1580"]

1. d4 d5 2. c4 c6 3. cxd5 cxd5 4. Nf3 Nf6 5. Bf4 e6 6. e3 Nc6 7. Bd3 Qb6 8. Qb3
Qxb3 9. axb3 Nb4 10. Bb5+ Bd7 11. Bxd7+ Nxd7 12. O-O Nd3 13. Bg3 Bb4 14. Ra2
Be7 15. Nc3 O-O 16. Rd1 Nb4 17. Raa1 Rfc8 18. Rd2 Nc6 19. Nb5 Na5 20. Rd3 Rc2
21. h3 Nc6 22. Rd2 Rxd2 23. Nxd2 Nf6 24. Nd6 Bxd6 25. Bxd6 Ne8 26. Bc5 Rc8 27.
Bxa7 Ra8 28. b4 Rxa7 29. Rxa7 Nxa7 30. Nb3 b6 31. f3 Nd6 32. Kf2 Kf8 33. Ke2
Ke7 34. Kd3 Nab5 35. e4 dxe4+ 36. fxe4 f6 37. d5 exd5 38. exd5 Nc7 39. Kd4
Ndb5+ 40. Kc4 Kd6 41. Nc5 Ke7 42. Ne6 Nd6+ 43. Kd4 Nxe6+ 44. dxe6 Kxe6 45. g4
g6 46. Ke3 Nc4+ 47. Kf4 Nxb2 48. h4 Nd3+ 49. Ke4 Nxb4 50. Kd4 Nc6+ 51. Kc4 Ne5+
52. Kb5 Nxg4 53. Kxb6 f5 54. Kc5 Ke5 55. Kc4 Ke4 56. Kc3 Ke3 57. h5 g5 58. h6
f4 59. Kc2 Ke2 60. Kc3 f3 61. Kd4 f2 62. Ke4 f1=Q 63. Kd5 Qf4 64. Ke6 Qe5+ 65.
Kf7 Qf6+ 66. Kg8 Nxh6+ 67. Kxh7 Nf5 68. Kg8 Qg7# 0-1

[Event "Club Championships F Grade"]
[Site "Wellington Chess Club"]
[Date "2021.12.09"]
[Round "5.3"]
[White "Osborne, Geoff"]
[Black "Farrington, Lawrence"]
[Result "0-1"]
[WhiteElo "1477"]
[BlackElo "1668"]

1. c4 Nf6 2. g3 g6 3. d4 d6 4. Nc3 Bg7 5. Bg2 O-O 6. Nf3 Nc6 7. O-O Re8 8. e4
e5 9. d5 Ne7 10. h3 Nh5 11. Nh4 Rf8 12. Ne2 f5 13. f4 fxe4 14. Bxe4 exf4 15.
Nxf4 Nxf4 16. Rxf4 Rxf4 17. Bxf4 Bxb2 18. Rb1 Bg7 19. Kh2 Qf8 20. Qd2 b6 21.
Rf1 Nf5 22. Be3 Qe7 23. Nxf5 Bxf5 24. Bxf5 gxf5 25. Rxf5 Re8 26. Rf3 Qe4 27.
Qf2 Qxc4 28. Rf4 Qxd5 29. Bd2 Qxa2 30. h4 Qd5 31. Qg2 Qb5 32. Kh3 Qd7+ 33. Kh2
Re6 34. Kh1 Qe8 35. Rf1 Re4 36. Rc1 c5 37. Qf1 Qf7 38. Qg2 Qe6 39. Rf1 d5 40.
Qf3 Qh3+ 41. Kg1 Qe6 42. Bh6 Bxh6 43. Kg2 Re2+ 44. Kg1 Be3+ 0-1

[Event "Club Championships G Grade"]
[Site "Wellington Chess Club"]
[Date "2021.11.11"]
[Round "1.1"]
[White "Hooper, John"]
[Black "Mavaram, Eashan"]
[Result "1-0"]
[WhiteElo "977"]
[BlackElo "1200"]

1. d4 Nf6 2. c4 e6 3. g3 Be7 4. Bg2 O-O 5. Nf3 d5 6. O-O dxc4 7. Qc2 Nc6 8.
Qxc4 Qd5 9. Qxd5 Nxd5 10. Nc3 Nxc3 11. bxc3 Bd7 12. Rd1 Rad8 13. Rb1 b6 14. Bf4
Bf6 15. Bxc7 Rc8 16. Bd6 Be7 17. Bf4 f6 18. Bh3 e5 19. Bxd7 Rcd8 20. Be6+ Kh8
21. d5 exf4 22. dxc6 Rxd1+ 23. Rxd1 Rd8 24. Rxd8+ Bxd8 25. gxf4 h6 26. f5 Kh7
27. Bf7 a5 28. a4 h5 29. c4 Bc7 30. h4 Be5 31. Nxe5 fxe5 32. c7 g6 33. c8=Q
gxf5 34. Qg8+ Kh6 35. Qg6# 1-0

[Event "Club Championships G Grade"]
[Site "Wellington Chess Club"]
[Date "2021.11.11"]
[Round "1.2"]
[White "Wang, Cheng Qi(Max)"]
[Black "Lavender, Ariel"]
[Result "1/2-1/2"]
[WhiteElo "1194"]
[BlackElo "1273"]

1. e4 c6 2. d4 d5 3. exd5 cxd5 4. Nf3 Bf5 5. c4 dxc4 6. Bxc4 e6 7. Nc3 Bd6 8.
O-O Ne7 9. Be3 a6 10. Qd2 O-O 11. Ne2 Be4 12. Ng5 Bd5 13. Bxd5 Nxd5 14. Nf3 Nd7
15. Rac1 Qb6 16. b3 Rac8 17. Rxc8 Rxc8 18. Rc1 Bc7 19. Nf4 N7f6 20. h3 Rd8 21.
Nxd5 Rxd5 22. Bf4 Bxf4 23. Qxf4 h6 24. Re1 a5 25. Re5 Qd6 26. g3 Qa3 27. Rxd5
Nxd5 28. Qd2 Nb4 29. Qf4 Kh7 30. Qe4+ Kg8 31. Qxb7 Qxa2 32. Qa8+ Kh7 33. Qe4+
Kg8 34. Qa8+ Kh7 35. Qe4+ g6 36. Qa8 Qxb3 37. Qxa5 Nd3 38. Qd2 Nb2 39. Kg2 Nc4
40. Qf4 Kg7 41. Ne5 Qb7+ 42. Qf3 Qc7 43. Nxc4 Qxc4 44. Qe3 Qd5+ 45. Kg1 Kh7 46.
Qf4 Kg7 47. Qe5+ Qxe5 48. dxe5 g5 49. f4 Kg6 50. Kf2 gxf4 51. gxf4 h5 52. Kg3
Kh6 53. Kh4 Kg6 54. Kg3 1/2-1/2

[Event "Club Championships G Grade"]
[Site "Wellington Chess Club"]
[Date "2021.11.11"]
[Round "1.3"]
[White "Balmer, Kati"]
[Black "Hupert, Leo"]
[Result "0-1"]
[WhiteElo "1200"]
[BlackElo "1141"]

1. e4 e5 2. Nf3 Nc6 3. Nc3 Bc5 4. Nb5 a6 5. Nc3 d6 6. Bc4 b5 7. Bd5 Rb8 8.
Bxc6+ Bd7 9. Bd5 c6 10. Bb3 Nf6 11. O-O Bg4 12. h3 Bh5 13. g4 Bg6 14. Re1 b4
15. g5 Nh5 16. Ne2 Bxe4 17. Ng3 Nxg3 18. Kg2 Bxf3+ 19. Qxf3 Qxg5 20. h4 Nf5+
21. hxg5 Nh4+ 22. Kg3 Nxf3 23. Kxf3 f5 24. d3 Kd7 25. Bd2 h5 26. c3 bxc3 27.
bxc3 h4 28. Rh1 Rbf8 29. Rae1 e4+ 30. dxe4 fxe4+ 31. Ke2 h3 32. Rh2 d5 33. Reh1
Rf3 34. g6 Kd6 35. Bf4+ Rxf4 36. Rxh3 Rxf2+ 37. Ke1 Rxh3 38. Rxh3 e3 39. Rh7 e2
40. Rxg7 Rg2 41. Rg8 Ke7 42. g7 Kf7 43. Rc8 Kxg7 44. Rxc6 d4 45. cxd4 Bb4+ 0-1

[Event "Club Championships G Grade"]
[Site "Wellington Chess Club"]
[Date "2021.11.11"]
[Round "1.4"]
[White "Asher, Bruce"]
[Black "Herath, Mevan"]
[Result "0-1"]
[WhiteElo "1135"]
[BlackElo "1200"]

1. e4 e5 2. Nf3 Nc6 3. Bc4 h6 4. d3 d6 5. Nc3 Bg4 6. h3 Bxf3 7. Qxf3 Nf6 8. Be3
Nd4 9. Bxd4 exd4 10. Nd5 Be7 11. Nxe7 Qxe7 12. O-O O-O-O 13. Rfe1 Nd7 14. a3
Ne5 15. Qf5+ Kb8 16. Bb3 g6 17. Qf4 g5 18. Qg3 Rdg8 19. c3 h5 20. cxd4 h4 21.
Qh2 Nxd3 22. Re2 g4 23. Rd1 gxh3 24. f3 Rxg2+ 25. Rxg2 hxg2 26. Rxd3 Qg5 27.
Qxg2 Qh6 28. Rd1 Qe3+ 29. Kh2 Qxb3 30. Rd2 h3 31. Qg7 Rd8 32. Qg4 Rh8 33. Rf2
Qe3 34. Rf1 Qe2+ 35. Kg1 h2+ 36. Kh1 Qxf1+ 0-1

[Event "Club Championships G Grade"]
[Site "Wellington Chess Club"]
[Date "2021.11.18"]
[Round "2.1"]
[White "Herath, Mevan"]
[Black "Asher, Bruce"]
[Result "1-0"]
[WhiteElo "1200"]
[BlackElo "1135"]

1. e4 Nc6 2. Bc4 Nf6 3. d3 e5 4. Be3 b6 5. Nf3 Bb7 6. Ng5 Be7 7. Nxf7 Qc8 8.
Nxh8 Kf8 9. O-O d6 10. Nc3 Nd4 11. f4 Ne6 12. fxe5 1-0

[Event "Club Championships G Grade"]
[Site "Wellington Chess Club"]
[Date "2021.11.18"]
[Round "2.2"]
[White "Wang, Cheng Qi(Max)"]
[Black "Hupert, Leo"]
[Result "1-0"]
[WhiteElo "1194"]
[BlackElo "1141"]

1. e4 e5 2. Nf3 Nc6 3. Bc4 h6 4. c3 Nf6 5. d4 exd4 6. e5 Ng4 7. cxd4 d5 8. Bb3
Bf5 9. h3 Ngxe5 10. dxe5 f6 11. exf6 Qxf6 12. Bxd5 Rd8 13. Bxc6+ Qxc6 14. Qe2+
Be7 15. O-O Qg6 16. Re1 Rd7 17. Ne5 Qe6 18. Nxd7 Qxd7 19. Nc3 Kf7 20. Bf4 Re8
21. Rad1 Qc6 22. Qh5+ Bg6 23. Qd5+ Qxd5 24. Rxd5 Bd6 25. Rxe8 Kxe8 26. Bxd6
cxd6 27. Rxd6 Bf5 28. g4 Bd7 29. Kg2 Bc6+ 30. Kg3 Ke7 31. Rd4 g5 32. f4 b5 33.
fxg5 hxg5 34. h4 gxh4+ 35. Kxh4 a5 36. g5 Kf7 37. Rf4+ Kg7 38. Rf5 b4 39. Rc5
bxc3 40. Rxc6 cxb2 41. Rb6 b1=Q 42. Rxb1 a4 43. Rb7+ Kg6 44. Rb6+ Kg7 45. Kh5
a3 46. Rb7+ Kg8 47. Kg6 Kf8 48. Kf6 Kg8 49. g6 Kh8 50. Rb8# 1-0

[Event "Club Championships G Grade"]
[Site "Wellington Chess Club"]
[Date "2021.11.18"]
[Round "2.3"]
[White "Lavender, Ariel"]
[Black "Mason, James"]
[Result "1/2-1/2"]
[WhiteElo "1273"]
[BlackElo "1393"]

1. d4 d5 2. Nf3 Nf6 3. Bf4 e6 4. e3 c5 5. c4 Nc6 6. Nc3 Be7 7. Nb5 O-O 8. Nc7
Rb8 9. Nb5 Ra8 10. Nc7 Rb8 1/2-1/2

[Event "Club Championships G Grade"]
[Site "Wellington Chess Club"]
[Date "2021.11.25"]
[Round "3.1"]
[White "Wang, Cheng Qi(Max)"]
[Black "Herath, Mevan"]
[Result "1-0"]
[WhiteElo "1194"]
[BlackElo "1200"]

1. e4 e5 2. Nf3 d6 3. Bc4 Bg4 4. h3 Bxf3 5. Qxf3 Nf6 6. Nc3 Nc6 7. d3 Nd4 8.
Qd1 Qe7 9. Be3 O-O-O 10. Ne2 d5 11. exd5 Nxe2 12. Qxe2 Nxd5 13. O-O Nxe3 14.
Qxe3 Kb8 15. Rad1 f5 16. Rfe1 Qf6 17. Qxe5 Qxe5 18. Rxe5 Bd6 19. Rxf5 Rhf8 20.
Rxf8 Rxf8 21. Re1 Bc5 22. Re2 g5 23. Kf1 h5 24. f3 g4 25. c3 gxf3 26. gxf3
Rxf3+ 27. Kg2 Rf8 28. Re5 Rf2+ 29. Kg3 h4+ 30. Kxh4 Rf4+ 31. Kg3 Rf8 32. Rxc5
b6 33. Rg5 Kb7 34. Bd5+ c6 35. Rg7+ Ka6 36. Bxc6 b5 37. b4 Kb6 38. Be4 Rf6 39.
Rg6 Rxg6+ 40. Bxg6 a5 41. h4 axb4 42. cxb4 Kc6 43. h5 Kd5 44. h6 Kd4 45. h7 Kc3
46. h8=Q+ Kxb4 47. Qb2+ 1-0

[Event "Club Championships G Grade"]
[Site "Wellington Chess Club"]
[Date "2021.11.25"]
[Round "3.2"]
[White "Mason, James"]
[Black "Hooper, John"]
[Result "1-0"]
[WhiteElo "1393"]
[BlackElo "977"]

1. d4 Nf6 2. Bf4 g6 3. e3 Bg7 4. Nf3 O-O 5. c3 d6 6. Nbd2 Nh5 7. Bg3 Bg4 8. Be2
Nxg3 9. hxg3 Re8 10. Ng5 Bxe2 11. Qxe2 h6 12. Ngf3 e5 13. Ne4 exd4 14. Qc2 d5
15. Ned2 dxe3 16. fxe3 Rxe3+ 17. Kf2 Qe7 18. Rae1 Rxe1 19. Rxe1 Qc5+ 20. Kf1
Nc6 21. Nb3 Qc4+ 22. Qe2 Qxe2+ 23. Rxe2 Rd8 24. Nbd4 Nxd4 25. Nxd4 c5 26. Nb3
d4 27. Nxc5 d3 28. Rd2 b6 29. Rxd3 Rxd3 30. Nxd3 f5 31. c4 a5 32. a4 g5 33. b4
Bc3 34. c5 bxc5 35. bxc5 Bd4 36. c6 Bb6 37. Nc5 f4 38. Ne6 fxg3 39. c7 Bxc7 40.
Nxc7 Kf7 41. Ke2 g4 42. Nd5 Kg6 43. Nf4+ Kg5 44. Ke3 h5 45. Nxh5 Kxh5 46. Kf4
Kh4 47. Kf5 Kh5 1-0

[Event "Club Championships G Grade"]
[Site "Wellington Chess Club"]
[Date "2021.11.25"]
[Round "3.4"]
[White "Asher, Bruce"]
[Black "Mavaram, Eashan"]
[Result "0-1"]
[WhiteElo "1135"]
[BlackElo "1200"]

1. e4 c5 2. Nc3 Nc6 3. Bc4 e6 4. Nf3 g6 5. d3 Bg7 6. Bf4 Nf6 7. h3 d5 8. exd5
exd5 9. Bb3 O-O 10. O-O Na5 11. Ba4 a6 12. a3 d4 13. Ne4 Nxe4 14. dxe4 c4 15.
e5 d3 16. cxd3 cxd3 17. Nd2 Bf5 18. g4 b5 19. Bxb5 Bxg4 20. Qxg4 axb5 21. Rfd1
Qd4 22. b4 Nc4 23. Nxc4 bxc4 24. Qg5 h6 25. Qg3 Rae8 26. Qe3 Bxe5 27. Bxh6 Qxe3
28. fxe3 Bxa1 29. Bxf8 Kxf8 30. Rxa1 Rxe3 31. a4 d2 32. a5 Re1+ 33. Rxe1
dxe1=Q+ 34. Kg2 Qxb4 35. a6 Qa4 36. Kf2 Qxa6 37. h4 c3 38. h5 gxh5 39. Kg2 c2
40. Kg3 c1=R 41. Kf4 Rf1+ 42. Ke5 Qe6+ 43. Kd4 Rd1+ 0-1

[Event "Club Championships G Grade"]
[Site "Wellington Chess Club"]
[Date "2021.12.02"]
[Round "4.1"]
[White "Hooper, John"]
[Black "Wang, Cheng Qi(Max)"]
[Result "1-0"]
[WhiteElo "977"]
[BlackElo "1194"]

1. d4 Nf6 2. c4 c5 3. Nf3 e6 4. g3 Nc6 5. Bg2 d5 6. O-O dxc4 7. Qc2 b5 8. a4
Nxd4 9. Nxd4 cxd4 10. Bxa8 a6 11. Bg5 g6 12. Nd2 e5 13. Ne4 Bf5 14. Bc6+ Ke7
15. Bxf6+ 1-0

[Event "Club Championships G Grade"]
[Site "Wellington Chess Club"]
[Date "2021.12.02"]
[Round "4.2"]
[White "Herath, Mevan"]
[Black "Hupert, Leo"]
[Result "0-1"]
[WhiteElo "1200"]
[BlackElo "1141"]

1. e4 e5 2. Nf3 Nc6 3. Bc4 Nf6 4. d3 h6 5. Nc3 d6 6. h3 a6 7. Be3 Be6 8. Bxe6
fxe6 9. Qd2 d5 10. exd5 exd5 11. d4 e4 12. Nh4 Ne7 13. O-O-O g5 14. Nf3 exf3
15. Rhe1 fxg2 16. Rg1 Qd7 17. f4 O-O-O 18. Qxg2 Nf5 19. Bd2 Nh4 20. Qg3 Bd6 21.
Qf2 Qxh3 22. Rh1 Qf3 23. Qg1 Bxf4 24. Bxf4 Qxf4+ 25. Kb1 Nf3 26. Ne2 Nxg1 27.
Nxf4 Nf3 28. Rdf1 Nd2+ 29. Kc1 Nxf1 30. Ng6 Rhe8 31. Rxf1 Rg8 32. Rxf6 0-1

[Event "Club Championships G Grade"]
[Site "Wellington Chess Club"]
[Date "2021.12.09"]
[Round "5.1"]
[White "Hupert, Leo"]
[Black "Hooper, John"]
[Result "1-0"]
[WhiteElo "1141"]
[BlackElo "977"]

1. e4 e6 2. Nf3 d5 3. e5 c5 4. d4 Be7 5. c4 Nc6 6. Nc3 dxc4 7. dxc5 Qxd1+ 8.
Nxd1 Bxc5 9. Bxc4 Nb4 10. O-O Ne7 11. Be3 b6 12. Bb5+ Nec6 13. a3 O-O 14. axb4
Bxb4 15. Bxc6 Rb8 16. Rxa7 b5 17. Ng5 h6 18. Nh3 Kh7 19. f4 g6 20. Ndf2 Kg7 21.
Ng4 h5 22. Nf6 h4 23. Ng5 1-0

[Event "Club Championships G Grade"]
[Site "Wellington Chess Club"]
[Date "2021.12.09"]
[Round "5.2"]
[White "Mason, James"]
[Black "Wang, Cheng Qi(Max)"]
[Result "1-0"]
[WhiteElo "1393"]
[BlackElo "1194"]

1. d4 Nf6 2. Bf4 e6 3. e3 c5 4. c3 d5 5. Nf3 Nc6 6. Nbd2 cxd4 7. exd4 Bd6 8.
Bg3 O-O 9. Bd3 Re8 10. Bxd6 Qxd6 11. O-O Bd7 12. Qc2 e5 13. dxe5 Nxe5 14. Rfe1
Nxd3 15. Qxd3 Bc6 16. h3 a6 17. Nf1 Rad8 18. Rad1 Qc5 19. Ne3 b5 20. b4 Qd6 21.
c4 bxc4 22. Nxc4 Qxb4 23. Nce5 Bb5 24. Qd2 Qxd2 25. Rxd2 Bc4 26. Rb1 Ne4 27.
Rd4 Nc3 28. Rxc4 dxc4 29. Rb2 Rb8 30. Rc2 Nd5 31. Nxc4 Rbc8 32. Nd4 Nb4 33. Nd6
Re1+ 1-0

[Event "Club Championships G Grade"]
[Site "Wellington Chess Club"]
[Date "2021.12.09"]
[Round "5.3"]
[White "Mavaram, Eashan"]
[Black "Herath, Mevan"]
[Result "1-0"]
[WhiteElo "1200"]
[BlackElo "1200"]

1. c4 e5 2. Nc3 Nf6 3. e4 Bc5 4. g3 Ng4 5. Qxg4 O-O 6. Bg2 d6 7. Qe2 Nc6 8. Nf3
Bg4 9. a3 Nd4 10. Qd1 c6 11. O-O Qf6 12. h3 Nxf3+ 13. Bxf3 Bxf3 14. Qc2 Qh6 15.
Kh2 Bg4 16. h4 Bf3 17. d4 Qh5 18. dxc5 g5 19. Bxg5 f6 20. Bd2 Rf7 21. cxd6 Rg7
22. Rg1 Rg5 23. Bxg5 fxg5 24. d7 gxh4 25. gxh4+ Kh8 26. Kh3 Rf8 27. Qd2 Rd8 28.
Rg5 Qf7 29. Rf5 Qe6 30. Qg5 Rxd7 31. Kh2 Rd8 32. Qxd8+ Kg7 33. Qf8+ Kg6 34.
Rg1+ Bg4 35. Rxg4# 1-0